Die Befolgung von Gesetzen. Eine theoriegeleitete Erklärung von Verhaltensbereitschaften und Verhalten auf der Grundlage einer Bevölkerungsumfrage

Gespeichert in:  
Bibliographische Detailangaben
1. VerfasserIn: Lüdemann, Christian 1951-2012 (Verfasst von)
Medienart: Druck Aufsatz
Sprache:Deutsch
Veröffentlicht: 1998
In: Zeitschrift für Rechtssoziologie
Jahr: 1998, Band: 20, Heft: 2, Seiten: 116-135
Verfügbarkeit prüfen: HBZ Gateway
Schlagwörter:

MARC

LEADER 00000caa a22000002c 4500
001 1640313176
003 DE-627
005 20220608131705.0
007 tu
008 160223s1998 xx ||||| 00| ||ger c
035 |a (DE-627)1640313176 
035 |a (DE-576)456113347 
035 |a (DE-599)BSZ456113347 
040 |a DE-627  |b ger  |c DE-627  |e rakwb 
041 |a ger 
100 1 |a Lüdemann, Christian  |d 1951-2012  |0 (DE-588)123886511  |0 (DE-627)085502553  |0 (DE-576)162051123  |4 aut 
109 |a Lüdemann, Christian 1951-2012 
245 1 4 |a Die Befolgung von Gesetzen. Eine theoriegeleitete Erklärung von Verhaltensbereitschaften und Verhalten auf der Grundlage einer Bevölkerungsumfrage  |c Christian Lüdemann 
264 1 |c 1998 
336 |a Text  |b txt  |2 rdacontent 
337 |a ohne Hilfsmittel zu benutzen  |b n  |2 rdamedia 
338 |a Band  |b nc  |2 rdacarrier 
773 0 8 |i In  |t Zeitschrift für Rechtssoziologie  |d Berlin : De Gruyter Oldenbourg, 1980  |g 20(1998), 2, Seite 116-135  |w (DE-627)130441694  |w (DE-600)704258-9  |w (DE-576)015954609  |x 0174-0202  |7 nnas 
773 1 8 |g volume:20  |g year:1998  |g number:2  |g pages:116-135 
935 |a mkri 
951 |a AR 
ELC |b 1 
LOK |0 000 xxxxxcx a22 zn 4500 
LOK |0 001 3301871259 
LOK |0 003 DE-627 
LOK |0 004 1640313176 
LOK |0 005 20250411092321 
LOK |0 008 160208||||||||||||||||ger||||||| 
LOK |0 040   |a DE-21-110  |c DE-627  |d DE-21-110 
LOK |0 689   |a s  |a Gesetzgeltung 
LOK |0 689   |a s  |a Normakzeptanz 
LOK |0 852   |a DE-21-110 
LOK |0 852 1  |m p  |9 00 
LOK |0 935   |a k110 
LOK |0 938   |k p 
LOK |0 939   |a 08-02-16  |b l01 
ORI |a SA-MARC-krimdoka001.raw